| 000 | 00916nam a22002777a 4500 | ||
|---|---|---|---|
| 001 | BR8805099 | ||
| 003 | BR-BrBNA | ||
| 005 | 20230928093010.0 | ||
| 007 | ta | ||
| 008 | 230509b bl.||||| |||| 00| 0 por d | ||
| 040 |
_aBR-BrBNA _bpor _cBiblioteca Nacional de Agricultura |
||
| 041 | _a(Por) | ||
| 072 |
_aK10; U40 _b/G906 |
||
| 090 | _ K10 BR8805099 | ||
| 100 | 1 | _aSantos, A.P. dos | |
| 110 | 1 | _aInstituto de Pesquisas Espaciais, Sao Jose dos Campos, SP (Brasil) | |
| 111 | 1 |
_a3. Simposio Brasileiro de Sensoriamento Remoto _cRio de Janeiro, RJ (Brazil) _d28-30 Nov 1984 |
|
| 245 | 1 |
_aUtilizacao de dados de simulacao SPOT sobre a floresta da Bourgogne, Franca _bINPE-3674-RPE/490 |
|
| 260 | 3 |
_aSao Jose dos Campos, SP (Brasil): _c1985. |
|
| 300 | _a43 p. | ||
| 650 | _aPRODUCAO FLORESTAL | ||
| 650 | _aSENSORIAMENTO REMOTO | ||
| 650 | _aFRANCA | ||
| 909 |
_a202309 _bLucia _c55 _dLucia Elande |
||
| 942 | _cBK | ||
| 999 |
_c42442 _d42442 |
||